000 00366nam a2200145 i 4500
001 bg
100 1 _aBROUGHTON, Geoffrey.
245 0 _aSuccess with English :
_bthe Penguin course /
_cGeoffrey Broughton. Coursebook 1.
260 _aWarszawa,
_c1974.
040 _cBPK
041 _apol
080 _a802.0
942 _cKS
008 s pl f |000 0 pol
999 _c113
_d113
856 _uhttp://koha.tu.koszalin.pl/cgi-bin/koha/opac-detail.pl?biblionumber=113
_yKatalog online BPK